Loading...
| History - American | 0 | 4 | 1 | 0 | 35 | 82 | 98.25 | 0 | 1 | 6.89 | 14.29 |
| Social Science | 0 | 2 | 0 | 0 | 20 | 91 | 107.50 | 0 | 0 | 1.52 | 5.17 |
| History - Ancient | 0 | 2 | 0 | 0 | 20 | 130 | 131.50 | 0 | 1 | 0.80 | 15.56 |
| Philosophy | 0 | 2 | 0 | 1 | 20 | 125 | 131.50 | 0 | 0 | 0.26 | 4.29 |
| Beliefs | 0 | 3 | 2 | 1 | 20 | 91 | 116.67 | 0 | 1 | 2.39 | 6.25 |
| Fine Arts - Other Arts | 1 | 0 | 0 | 0 | 15 | 65 | 65.00 | 0 | 1 | 3.65 | 3.90 |
| Fine Arts - Classical Music and Opera | 1 | 0 | 0 | 0 | 15 | 16 | 16.00 | 1 | 1 | 6.21 | 7.14 |
| Visual Arts | 0 | 1 | 0 | 0 | 10 | 136 | 136.00 | 0 | 0 | 0.05 | 2.38 |
| History - European | 0 | 1 | 0 | 0 | 10 | 107 | 107.00 | 0 | 0 | 1.87 | 3.90 |
| History - World | 0 | 1 | 0 | 1 | 10 | 126 | 126.00 | 0 | 0 | 0.06 | 0.60 |
| Literature - American | 0 | 1 | 0 | 0 | 10 | 102 | 102.00 | 0 | 0 | 2.08 | 5.00 |
| Modern World | 0 | 1 | 0 | 1 | 10 | 125 | 125.00 | 0 | 0 | 0.20 | 6.25 |
| Literature - British | 0 | 1 | 1 | 0 | 5 | 101 | 101.00 | 1 | 1 | 2.40 | 7.14 |
| History - Other | 0 | 0 | 0 | 0 | 0 | 0.00 | 0 | 0 | 0.00 | 0.00 |